[Event "106th British-ch 2019"]
[Site "Torquay"]
[Date "2019.08.03"]
[Round "8.24"]
[White "Player, Edmund C"]
[Black "Krzyzanowski, Patryk"]
[Result "0-1"]
[WhiteElo "2202"]
[BlackElo "2114"]
[Annotator "NA"]
[PlyCount "84"]
[EventDate "2019.07.27"]
[EventType "swiss"]
[EventCountry "GBR"]
[SourceTitle "playchess.com"]
[Source "ChessBase"]
[SourceQuality "1"]
[TimeControl "40/5400+30:1800+30"]

1. e4 {[%emt 0:00:00]} c5 {[%emt 0:00:00]} 2. Nf3 {[%emt 0:00:00]} g6 {[%emt 0:00:02]} 3. c4 {[%emt 0:00:00]} Nc6 {[%emt 0:00:08]} 4. d4 {[%emt 0:00:00]} cxd4 {[%emt 0:00:09]} 5. Nxd4 {[%emt 0:00:00]} Nf6 {[%emt 0:00:09]} 6. Nc3 {[%emt 0:00:07]} d6 {[%emt 0:00:07]} 7. Be2 {[%emt 0:00:25]} Nxd4 {[%emt 0:00:10]} 8. Qxd4 {[%emt 0:00:04]} Bg7 {[%emt 0:00:07]} 9. Be3 {[%emt 0:00:41]} O-O {[%emt 0:00:14]} 10. Qd2 {[%emt 0:00:15]} a5 {[%emt 0:02:14]} 11. O-O {[%emt 0:01:38]} a4 {[%emt 0:00:06]} 12. Rad1 {[%emt 0:01:14]} Qa5 {[%emt 0:00:22]} 13. Bd4 {[%emt 0:01:47]} Re8 {[%emt 0:10:41]} 14. h3 {[%emt 0:15:59]} Be6 {[%emt 0:04:46]} 15. f4 {[%emt 0:05:48]} Rec8 {[%emt 0:05:57]} 16. b3 {[%emt 0:00:56]} axb3 {[%emt 0:04:46]} 17. axb3 {[%emt 0:00:06]} Qb4 {[%emt 0:14:17]} 18. f5 {[%emt 0:09:53]} Bd7 {[%emt 0:03:39]} 19. Bxf6 {[%emt 0:02:05]} Bxf6 {[%emt 0:07:39]} 20. Nd5 {[%emt 0:00:38]} Qxd2 {[%emt 0:04:08]} 21. Nxf6+ {[%emt 0:00:16]} Kg7 {[%emt 0:00:07]} 22. Rxd2 {[%emt 0:12:47]} Kxf6 {[%emt 0:00:56]} 23. e5+ {[%emt 0:00:52]} Kxe5 {[%emt 0:11:02]} 24. fxg6 {[%emt 0:00:23]} f5 {[%emt 0:00:18]} 25. gxh7 {[%emt 0:04:22]} Rh8 {[%emt 0:00:53]} 26. Rd5+ {[%emt 0:00:25]} Kf6 {[%emt 0:00:18]} 27. Bd3 {[%emt 0:01:01]} e6 {[%emt 0:07:41]} 28. Rxd6 {[%emt 0:01:32]} Ke7 {[%emt 0:00:09]} 29. Rb6 {[%emt 0:01:10]} Bc6 {[%emt 0:01:29]} 30. b4 {[%emt 0:02:12]} Ra2 {[%emt 0:03:41]} 31. Rf2 {[%emt 0:01:18]} Rxf2 {[%emt 0:00:19]} 32. Kxf2 {[%emt 0:00:07]} Kd6 {[%emt 0:00:37]} 33. g4 {[%emt 0:33:36]} Rxh7 {[%emt 0:04:29]} 34. Bf1 {[%emt 0:00:59]} fxg4 {[%emt 0:02:39]} 35. c5+ {[%emt 0:02:27]} Ke5 {[%emt 0:08:25]} 36. hxg4 {[%emt 0:00:31]} Rf7+ {[%emt 0:01:09]} 37. Ke1 {[%emt 0:00:30]} Kd4 {[%emt 0:02:10]} 38. Bb5 {[%emt 0:00:31]} Bd5 {[%emt 0:00:23]} 39. Be8 {[%emt 0:01:44]} Rf4 {[%emt 0:00:45]} 40. g5 {[%emt 0:00:00]} Rg4 {[%emt 0:00:00]} 41. g6 {[%emt 0:12:55]} Ke3 {[%emt 0:21:46]} 42. Kd1 {[%emt 0:00:19]} Rc4 {[%emt 0:01:22]} 0-1

[Event "106th British-ch 2019"]
[Site "Torquay"]
[Date "2019.08.03"]
[Round "8.25"]
[White "Yoon, Jacob D"]
[Black "Donaldson, Thomas"]
[Result "1-0"]
[WhiteElo "1963"]
[BlackElo "2065"]
[Annotator "NA"]
[PlyCount "43"]
[EventDate "2019.07.27"]
[EventType "swiss"]
[EventCountry "GBR"]
[SourceTitle "playchess.com"]
[Source "ChessBase"]
[SourceQuality "1"]
[TimeControl "40/5400+30:1800+30"]

1. d4 {[%emt 0:00:00]} Nf6 {[%emt 0:00:00]} 2. Bg5 {[%emt 0:00:00]} c5 {[%emt 0:00:00]} 3. e3 {[%emt 0:00:13]} Qb6 {[%emt 0:01:31]} 4. Bxf6 {[%emt 0:08:37]} Qxb2 {[%emt 0:02:43]} 5. Nd2 {[%emt 0:01:11]} gxf6 {[%emt 0:00:13]} 6. Ngf3 {[%emt 0:03:20]} Nc6 {[%emt 0:05:31]} 7. dxc5 {[%emt 0:02:41]} f5 {[%emt 0:09:51]} 8. Bd3 {[%emt 0:09:33]} Bg7 {[%emt 0:00:09]} 9. Rb1 {[%emt 0:01:01]} Qf6 {[%emt 0:00:14]} 10. O-O {[%emt 0:02:08]} O-O {[%emt 0:14:36]} 11. e4 {[%emt 0:02:21]} Ne5 {[%emt 0:04:36]} 12. Nxe5 {[%emt 0:02:34]} Qxe5 {[%emt 0:00:08]} 13. exf5 {[%emt 0:00:40]} Qxc5 {[%emt 0:02:01]} 14. f6 {[%emt 0:05:52]} exf6 {[%emt 0:10:53]} 15. Rb5 {[%emt 0:03:32]} Qd4 {[%emt 0:04:06]} 16. Qh5 {[%emt 0:00:28]} h6 {[%emt 0:00:37]} 17. Qf5 {[%emt 0:00:09]} Re8 {[%emt 0:00:07]} 18. Rd5 {[%emt 0:01:26]} Qb6 {[%emt 0:02:23]} 19. Nc4 {[%emt 0:09:10]} Qe6 {[%emt 0:00:17]} 20. Qh7+ {[%emt 0:00:04]} Kf8 {[%emt 0:00:07]} 21. Ne3 {[%emt 0:01:39]} b6 {[%emt 0:00:53]} 22. Nf5 {[%emt 0:00:18]} 1-0

[Event "106th British-ch 2019"]
[Site "Torquay"]
[Date "2019.08.04"]
[Round "9.1"]
[White "Adams, Michael"]
[Black "Gordon, Stephen J"]
[Result "1-0"]
[WhiteElo "2690"]
[BlackElo "2516"]
[Annotator "TA"]
[PlyCount "59"]
[EventDate "2019.07.27"]
[EventType "swiss"]
[EventCountry "GBR"]
[SourceTitle "playchess.com"]
[Source "ChessBase"]
[SourceQuality "1"]

{[%evp 9,59,9,10,0,33,28,70,64,68,68,75,55,60,50,50,54,55,54,95,97,158,151,253,250,239,237,249,262,256,262,400,395,392,421,397,378,422,414,386,369,414,416,412,0,248,0,396,417,449,439,716,703]} 1. e4 c5 2. Nf3 d6 3. Bb5+ Nd7 4. Ba4 (4. O-O a6 5. Bd3 Ngf6 6. Re1 e6 7. a4 b6 8. c3 Bb7 9. Qe2 Qc7 10. Na3 Be7 11. Bb1 e5 12. d4 cxd4 13. cxd4 exd4 14. Nxd4 {½-½ (42) Jakovenko,D (2719)-Ding,L (2809) Shenzhen 2019}) 4... Ngf6 5. O-O a6 {[#] And now ...b5 would win.} 6. c4 {B51: Sicilian: Moscow Variation (3 Bb5+) without 3...Bd7} e5 7. d3 g6 8. Nc3 {White is slightly better.} Bg7 9. Rb1 $146 ({Predecessor:} 9. a3 O-O 10. Rb1 Qc7 11. Bg5 Nb6 {1-0 (60) Mons,L (2554)-Volokitin,A (2634) Germany 2019}) 9... O-O 10. h3 Ne8 11. b4 cxb4 12. Rxb4 Nc5 13. Nd5 $36 {[%mdl 2048] White is pushing.} b5 14. cxb5 Bd7 {[#]} (14... Nf6 $142) 15. b6 $1 $16 {Strongly threatening Bxd7.} Nxa4 (15... a5 $16 {was worth a try.} 16. Rc4 Be6) 16. Rxa4 $18 Bxa4 17. Qxa4 f6 18. Nd2 Rf7 19. Nc4 Qd7 (19... f5 $142 20. Ba3 Qd7) 20. Qxd7 Rxd7 21. Be3 f5 22. f3 Bf6 23. Rb1 Bd8 24. Na5 Rb8 25. Nc6 Rbb7 26. Na5 Rb8 $1 27. Nc6 (27. exf5 $142 gxf5 28. Nc6) 27... Rbb7 $1 28. a4 {[%cal Ba2a4,Ba4a5][%mdl 32]} Kf7 29. a5 Nf6 (29... f4 $142 30. Bf2 Be7) 30. Ndb4 {Accuracy: White = 81%, Black = 44%.} 1-0

[Event "106th British-ch 2019"]
[Site "Torquay"]
[Date "2019.08.04"]
[Round "9.2"]
[White "Howell, David W L"]
[Black "Arkell, Keith C"]
[Result "1-0"]
[WhiteElo "2697"]
[BlackElo "2461"]
[Annotator "TA"]
[PlyCount "127"]
[EventDate "2019.07.27"]
[EventType "swiss"]
[EventCountry "GBR"]
[SourceTitle "playchess.com"]
[Source "ChessBase"]
[SourceQuality "1"]

{[%evp 12,127,55,31,45,54,59,54,71,75,77,68,62,55,94,58,100,87,109,105,115,85,108,95,109,107,192,107,115,93,88,100,95,87,84,95,92,95,165,109,101,89,87,0,0,0,143,41,57,0,155,110,245,101,318,0,268,244,250,257,247,168,191,186,192,172,171,47,31,36,34,27,33,30,103,100,106,106,99,93,124,130,224,116,222,177,252,164,165,155,142,154,221,129,126,155,195,217,230,222,222,222,376,374,358,316,535,532,804,802,897,963,1008,992,969,938,855,826]} 1. d4 Nf6 2. c4 e6 3. Nc3 Bb4 4. Qc2 c5 5. dxc5 Nc6 6. Nf3 Bxc5 7. Bf4 a6 {E38: Nimzo-Indian: Classical: 4...c5} (7... O-O 8. e3 b6 9. a3 Bb7 10. Rd1 Nh5 11. Bg3 Be7 12. Qd3 Nf6 13. Be2 a6 14. Ng5 Ra7 15. h4 h6 16. Nge4 Nxe4 17. Nxe4 {½-½ (38) Mamedyarov,S (2757)-Kamsky,G (2721) Beijing 2013}) 8. e3 Nh5 9. Bg3 f5 $146 {White is slightly better.} ({Predecessor:} 9... h6 10. Rd1 Nxg3 11. hxg3 Qc7 12. a3 b6 13. g4 Bb7 14. Na4 Ne5 15. Nxe5 Qxe5 {0-1 (57) Damjanovic,D (2278)-Damjanovic,B (2097) Belgrade 2005}) 10. Be2 O-O 11. Rd1 Nxg3 12. hxg3 g6 13. a3 Be7 14. e4 Rf7 15. exf5 gxf5 16. Bd3 Rg7 17. Nd5 b6 18. Kf1 Rb8 (18... Bf6 $16) 19. b4 (19. g4 $18) 19... Qf8 $16 20. Ne3 Qf6 21. Re1 d6 22. g4 $1 {[%cal Rg4f5]} fxg4 23. Bxh7+ Kf7 24. Nd2 Nd4 (24... Kf8 $16 {is a better defense.}) 25. Qd1 ({White should play} 25. Qd3 $1 $18) 25... Bb7 26. Be4 {aiming for Bxb7.} g3 {[%csl Gg3][%cal Rf6f2]} 27. Qh5+ (27. f3 $1 $16) 27... Kf8 $11 {[%csl Gg3][%cal Rf6f2]} 28. f3 {Black must now prevent Bxb7.} Rg5 (28... Nb3 $1 $11 {remains equal.} 29. Nxb3 Bxe4 30. Qh8+ Kf7 31. Qxb8 Bd3+ 32. Kg1 Qc3) 29. Qh7 (29. Qh3 $16) 29... Rg7 $14 30. Qh5 ({Better is} 30. Qh8+ $14 Rg8 31. Qh7) 30... Rg5 $16 31. Qh3 $1 {Hoping for Bxb7.} Bc8 (31... d5 $16 32. cxd5 a5) 32. Bd3 (32. Ng4 $18 {is the precise move to win.} Qg7 33. Qxg3) 32... Bb7 $2 (32... Rg8 $16) 33. Be4 Bc8 $1 34. Ng4 Qg7 35. Qxg3 {Strongly threatening Rh7.} Nf5 36. Qf2 Bd7 37. Rh3 Kf7 38. Bd3 Rh8 39. Ne4 ({Don't take} 39. Qxb6 $6 Rxh3 40. gxh3 Qh8 $11) (39. Rxh8 $18 Qxh8 40. Bxf5 (40. Qxb6 Ng3+ 41. Kg1 Qh1+ 42. Kf2 Qh4 $11) 40... exf5 41. Rxe7+ {[%mdl 64] Decoy} Kxe7 42. Qe3+ {[%mdl 64] Double Attack} Kf7 43. Qxg5 fxg4 44. Qd5+ (44. fxg4 Qf6+ 45. Qxf6+ Kxf6 $16) 44... Ke7 45. Qg5+ Kf7 46. Qd5+ (46. fxg4 Qd4 $16) 46... Ke7 47. Ne4) 39... Rgh5 $14 40. Rxh5 Rxh5 41. g3 Nd4 42. Kg2 Qh8 (42... Bc6 $11) 43. Qd2 $16 e5 {[#] Threatens to win with ...Bxg4.} 44. Nef2 $1 Be6 45. a4 Qa8 46. Qd1 a5 (46... Qh8 $16 {was necessary.}) 47. bxa5 (47. Be4 $18 Qh8 48. bxa5 bxa5 49. Qd3) 47... bxa5 (47... Qxa5 $16 48. Rh1 Rxh1 49. Qxh1 Ke8) 48. Be4 $18 Qc8 (48... Qh8 $142 49. Qd3 Kg7) 49. Qb1 {And now Bg6+ would win.} Kg7 50. Bd5 Bxd5 51. cxd5 Qc3 {[#]} (51... Qf5 $16 52. Qxf5 Nxf5) 52. Re3 (52. Qe4 $1 $18) 52... Qb4 $16 53. Qe4 Nf5 54. Re1 Qxe4 55. fxe4 ({Not} 55. Rxe4 Rh8 $16) 55... Nd4 56. Rb1 Bd8 $2 (56... Rh8 57. Rb7 Kf7 58. Nxe5+ dxe5) 57. Rb8 $18 Rh8 58. Ne3 Rf8 $2 {[#]} (58... Be7 {keeps fighting.} 59. Rb7 Re8) 59. Nf5+ $1 {[%mdl 512] White is clearly winning.} Nxf5 60. exf5 Kf6 61. g4 e4 62. Nxe4+ {[%mdl 64] Double Attack} Ke5 63. Kf3 Kxd5 {[#]} 64. Ng5 $1 {[%mdl 512] Accuracy: White = 60%, Black = 35%.} 1-0

[Event "106th British-ch 2019"]
[Site "Torquay"]
[Date "2019.08.04"]
[Round "9.3"]
[White "Palliser, Richard Jd"]
[Black "Houska, Jovanka"]
[Result "1/2-1/2"]
[WhiteElo "2399"]
[BlackElo "2422"]
[Annotator "NA"]
[PlyCount "25"]
[EventDate "2019.07.27"]
[EventType "swiss"]
[EventCountry "GBR"]
[SourceTitle "playchess.com"]
[Source "ChessBase"]
[SourceQuality "1"]
[TimeControl "40/5400+30:1800+30"]

1. d4 {[%emt 0:01:17]} d5 {[%emt 0:00:00]} 2. c4 {[%emt 0:00:04]} e6 {[%emt 0:00:00]} 3. Nc3 {[%emt 0:00:05]} Nf6 {[%emt 0:00:12]} 4. cxd5 {[%emt 0:00:14]} exd5 {[%emt 0:00:05]} 5. Bg5 {[%emt 0:00:04]} c6 {[%emt 0:01:14]} 6. e3 {[%emt 0:01:57]} Be7 {[%emt 0:00:13]} 7. Bd3 {[%emt 0:00:05]} Nbd7 {[%emt 0:00:28]} 8. Qc2 {[%emt 0:00:28]} O-O {[%emt 0:00:46]} 9. Nf3 {[%emt 0:03:58]} Re8 {[%emt 0:03:04]} 10. h3 {[%emt 0:00:28]} Nf8 {[%emt 0:02:58]} 11. O-O {[%emt 0:07:25]} g6 {[%emt 0:06:17]} 12. Bf4 {[%emt 0:05:29]} Nh5 {[%emt 0:06:11]} 13. Bh2 {[%emt 0:22:04]} 1/2-1/2

[Event "106th British-ch 2019"]
[Site "Torquay"]
[Date "2019.08.04"]
[Round "9.4"]
[White "Emms, John M"]
[Black "Haria, Ravi"]
[Result "0-1"]
[WhiteElo "2481"]
[BlackElo "2430"]
[Annotator "ChessBase"]
[PlyCount "70"]
[EventDate "2019.07.27"]
[EventType "swiss"]
[EventCountry "GBR"]
[SourceTitle "playchess.com"]
[Source "ChessBase"]
[SourceQuality "1"]
[TimeControl "40/5400+30:1800+30"]

1. e4 {[%emt 0:00:00]} e6 {[%emt 0:00:00]} 2. d4 {[%emt 0:00:04]} d5 {[%emt 0:00:00]} 3. Nd2 {[%emt 0:00:18]} dxe4 {[%emt 0:00:19]} 4. Nxe4 {[%emt 0:00:56]} Bd7 {[%emt 0:00:05]} 5. Nf3 {[%emt 0:00:31]} Bc6 {[%emt 0:00:10]} 6. Bd3 {[%emt 0:00:21]} Nd7 {[%emt 0:00:11]} 7. c3 {[%emt 0:00:50]} Be7 {[%emt 0:03:19]} 8. O-O {[%emt 0:02:22]} Ngf6 {[%emt 0:01:00]} 9. Nxf6+ {[%emt 0:01:45]} Bxf6 {[%emt 0:00:24]} 10. Re1 {[%emt 0:02:56]} O-O {[%emt 0:11:30]} 11. Bf4 {[%emt 0:00:40]} Bxf3 {[%emt 0:03:19]} 12. Qxf3 {[%emt 0:00:04]} c6 {[%emt 0:00:10]} 13. Re3 {[%emt 0:19:33]} g6 {[%emt 0:04:59]} 14. Qg3 {[%emt 0:03:22]} Re8 {[%emt 0:16:55]} 15. Rae1 {[%emt 0:04:58]} a5 {[%emt 0:22:20]} 16. a4 {[%emt 0:25:03]} Qb6 {[%emt 0:03:52]} 17. h4 {[%emt 0:03:05]} Bg7 {[%emt 0:18:38]} 18. h5 {[%emt 0:04:42]} Qb3 {[%emt 0:06:53]} 19. Qh4 {[%emt 0:08:41]} Bf6 {[%emt 0:00:58]} 20. Qg4 {[%emt 0:00:29]} Bg7 {[%emt 0:00:53]} 21. hxg6 {[%emt 0:01:25]} hxg6 {[%emt 0:00:05]} 22. Rh3 {[%emt 0:02:06]} e5 {[%emt 0:01:14]} 23. dxe5 {[%emt 0:03:23]} Nf8 {[%emt 0:01:45]} 24. Qh4 {[%emt 0:02:54]} Qxa4 {[%emt 0:00:29]} 25. b3 {[%emt 0:02:59]} Qxb3 {[%emt 0:01:27]} 26. Bh6 {[%emt 0:02:45]} Rxe5 {[%emt 0:01:22]} 27. Bxg7 {[%emt 0:02:02]} Rh5 {[%emt 0:00:01]} 28. Qf6 {[%emt 0:01:16]} Nh7 {[%emt 0:00:52]} 29. Qe7 {[%emt 0:02:15]} Rxh3 {[%emt 0:00:30]} 30. gxh3 {[%emt 0:01:28]} Kxg7 {[%emt 0:00:05]} 31. Bxg6 {[%emt 0:00:11]} Nf6 {[%emt 0:01:02]} 32. Bc2 {[%emt 0:01:54]} Qxc2 {[%emt 0:00:36]} 33. Kh1 {[%emt 0:00:08]} Qf5 {[%emt 0:00:20]} 34. Rg1+ {[%emt 0:00:41]} Kh8 {[%emt 0:00:10]} 35. Qe3 {[%emt 0:00:42]} Qe4+ {[%emt 0:01:51]} 0-1

[Event "106th British-ch 2019"]
[Site "Torquay"]
[Date "2019.08.04"]
[Round "9.5"]
[White "Tan, Justin Hy"]
[Black "Williams, Simon K"]
[Result "1-0"]
[WhiteElo "2513"]
[BlackElo "2468"]
[Annotator "ChessBase"]
[PlyCount "125"]
[EventDate "2019.07.27"]
[EventType "swiss"]
[EventCountry "GBR"]
[SourceTitle "playchess.com"]
[Source "ChessBase"]
[SourceQuality "1"]
[TimeControl "40/5400+30:1800+30"]

1. e4 {[%emt 0:00:00]} c5 {[%emt 0:01:45]} 2. Nf3 {[%emt 0:00:00]} d6 {[%emt 0:00:39]} 3. Bb5+ {[%emt 0:00:00]} Nc6 {[%emt 0:00:23]} 4. O-O {[%emt 0:00:00]} Bd7 {[%emt 0:00:09]} 5. Re1 {[%emt 0:00:00]} Nf6 {[%emt 0:00:12]} 6. h3 {[%emt 0:00:00]} a6 {[%emt 0:01:35]} 7. Bf1 {[%emt 0:00:36]} g5 {[%emt 0:04:45]} 8. d4 {[%emt 0:00:04]} g4 {[%emt 0:00:43]} 9. d5 {[%emt 0:00:01]} gxf3 {[%emt 0:02:20]} 10. dxc6 {[%emt 0:00:04]} Bxc6 {[%emt 0:01:10]} 11. Qxf3 {[%emt 0:00:04]} e6 {[%emt 0:00:52]} 12. Nc3 {[%emt 0:00:05]} Be7 {[%emt 0:01:19]} 13. Bf4 {[%emt 0:04:39]} Qc7 {[%emt 0:15:40]} 14. Rad1 {[%emt 0:12:37]} O-O-O {[%emt 0:00:44]} 15. Bg5 {[%emt 0:12:55]} Ne8 {[%emt 0:09:05]} 16. Nd5 {[%emt 0:08:00]} Bxd5 {[%emt 0:00:31]} 17. Bxe7 {[%emt 0:00:02]} Qxe7 {[%emt 0:00:55]} 18. exd5 {[%emt 0:00:10]} e5 {[%emt 0:00:53]} 19. b4 {[%emt 0:00:36]} cxb4 {[%emt 0:01:15]} 20. Re4 {[%emt 0:04:18]} Nf6 {[%emt 0:00:24]} 21. Rc4+ {[%emt 0:00:01]} Kb8 {[%emt 0:08:24]} 22. Rxb4 {[%emt 0:00:02]} Nd7 {[%emt 0:00:06]} 23. Bxa6 {[%emt 0:00:29]} Nc5 {[%emt 0:00:06]} 24. Bf1 {[%emt 0:00:27]} e4 {[%emt 0:09:15]} 25. Qf4 {[%emt 0:05:24]} Rhe8 {[%emt 0:04:49]} 26. Bb5 {[%emt 0:05:53]} Qe5 {[%emt 0:00:48]} 27. Qe3 {[%emt 0:04:52]} Re7 {[%emt 0:02:38]} 28. f4 {[%emt 0:08:43]} exf3 {[%emt 0:01:16]} 29. Qxe5 {[%emt 0:06:49]} Rxe5 {[%emt 0:01:04]} 30. gxf3 {[%emt 0:00:03]} Re3 {[%emt 0:16:31]} 31. Kf2 {[%emt 0:02:18]} Ra3 {[%emt 0:00:12]} 32. Bc4 {[%emt 0:01:45]} Rc3 {[%emt 0:00:54]} 33. Rd2 {[%emt 0:00:21]} Re8 {[%emt 0:02:05]} 34. Bb5 {[%emt 0:05:07]} Re5 {[%emt 0:02:14]} 35. Rf4 {[%emt 0:01:16]} f5 {[%emt 0:00:28]} 36. a4 {[%emt 0:02:01]} Kc7 {[%emt 0:00:52]} 37. Rh4 {[%emt 0:01:30]} Re7 {[%emt 0:00:38]} 38. Rh5 {[%emt 0:02:25]} Ra3 {[%emt 0:02:05]} 39. Rd4 {[%emt 0:03:02]} Rc3 {[%emt 0:02:50]} 40. Rxf5 {[%emt 0:00:47]} Rxc2+ {[%emt 0:00:04]} 41. Kg3 {[%emt 0:30:06]} Rc1 {[%emt 0:30:54]} 42. Rdf4 {[%emt 0:05:19]} Rg1+ {[%emt 0:00:32]} 43. Kh4 {[%emt 0:00:44]} Rgg7 {[%emt 0:00:29]} 44. Rg5 {[%emt 0:00:00]} Rgf7 {[%emt 0:00:00]} 45. Rxf7 {[%emt 0:00:00]} Rxf7 {[%emt 0:00:00]} 46. Kg4 {[%emt 0:00:00]} Kb6 {[%emt 0:00:00]} 47. Rf5 {[%emt 0:00:00]} Rg7+ {[%emt 0:00:00]} 48. Kh5 {[%emt 0:00:00]} Nd7 {[%emt 0:00:00]} 49. Kh6 {[%emt 0:00:00]} Re7 {[%emt 0:00:00]} 50. Rf4 {[%emt 0:00:00]} Ne5 {[%emt 0:00:00]} 51. Rf6 {[%emt 0:00:00]} Kc5 {[%emt 0:00:00]} 52. f4 {[%emt 0:00:00]} Nf3 {[%emt 0:00:00]} 53. Bd3 {[%emt 0:00:00]} Kxd5 {[%emt 0:00:00]} 54. Bxh7 {[%emt 0:00:00]} Kc5 {[%emt 0:00:00]} 55. Bg8 {[%emt 0:00:25]} Rd7 {[%emt 0:00:00]} 56. Rf7 {[%emt 0:02:41]} Rd8 {[%emt 0:00:00]} 57. Rc7+ {[%emt 0:00:52]} Kd4 {[%emt 0:00:00]} 58. Kg7 {[%emt 0:00:02]} d5 {[%emt 0:00:00]} 59. f5 {[%emt 0:00:24]} Nh4 {[%emt 0:00:00]} 60. Bh7 {[%emt 0:00:07]} Nf3 {[%emt 0:00:00]} 61. f6 {[%emt 0:00:38]} Ng5 {[%emt 0:00:00]} 62. Bf5 {[%emt 0:02:10]} Ke5 {[%emt 0:00:00]} 63. Bg4 {[%emt 0:02:29]} 1-0

[Event "106th British-ch 2019"]
[Site "Torquay"]
[Date "2019.08.04"]
[Round "9.7"]
[White "Bradbury, Neil H"]
[Black "Fernandez, Daniel Howard"]
[Result "1-0"]
[WhiteElo "2322"]
[BlackElo "2466"]
[Annotator "ChessBase"]
[PlyCount "77"]
[EventDate "2019.07.27"]
[EventType "swiss"]
[EventCountry "GBR"]
[SourceTitle "playchess.com"]
[Source "ChessBase"]
[SourceQuality "1"]
[TimeControl "40/5400+30:1800+30"]

1. d4 {[%emt 0:00:00]} b5 {[%emt 0:08:21]} 2. e4 {[%emt 0:03:58]} Bb7 {[%emt 0:00:01]} 3. Nd2 {[%emt 0:00:43]} b4 {[%emt 0:00:01]} 4. Ngf3 {[%emt 0:00:23]} e6 {[%emt 0:00:02]} 5. Bd3 {[%emt 0:03:35]} c5 {[%emt 0:00:10]} 6. c3 {[%emt 0:00:49]} d5 {[%emt 0:00:41]} 7. exd5 {[%emt 0:12:14]} Bxd5 {[%emt 0:00:02]} 8. O-O {[%emt 0:01:57]} bxc3 {[%emt 0:01:09]} 9. bxc3 {[%emt 0:00:18]} Nf6 {[%emt 0:00:54]} 10. Ne5 {[%emt 0:08:59]} cxd4 {[%emt 0:02:15]} 11. Bb5+ {[%emt 0:12:21]} Nbd7 {[%emt 0:01:33]} 12. c4 {[%emt 0:02:28]} Bb7 {[%emt 0:00:02]} 13. Ndf3 {[%emt 0:02:07]} Qc7 {[%emt 0:02:27]} 14. Bg5 {[%emt 0:16:08]} a6 {[%emt 0:02:40]} 15. Ba4 {[%emt 0:03:04]} Bc8 {[%emt 0:00:53]} 16. Bc6 {[%emt 0:03:59]} Bb7 {[%emt 0:03:04]} 17. Ba4 {[%emt 0:01:35]} Bc8 {[%emt 0:00:46]} 18. Bc6 {[%emt 0:00:20]} Rb8 {[%emt 0:03:01]} 19. Qxd4 {[%emt 0:00:34]} Rb6 {[%emt 0:00:13]} 20. Ba4 {[%emt 0:09:15]} Bc5 {[%emt 0:01:00]} 21. Nxd7 {[%emt 0:00:44]} Bxd4 {[%emt 0:03:42]} 22. Nxb6+ {[%emt 0:05:05]} Kf8 {[%emt 0:00:01]} 23. Nxd4 {[%emt 0:00:42]} Qxb6 {[%emt 0:00:02]} 24. Nc6 {[%emt 0:05:53]} Qc5 {[%emt 0:01:09]} 25. Bd2 {[%emt 0:00:17]} Qh5 {[%emt 0:03:06]} 26. Rab1 {[%emt 0:00:33]} g6 {[%emt 0:00:15]} 27. Rb3 {[%emt 0:01:53]} Bd7 {[%emt 0:00:30]} 28. Rf3 {[%emt 0:00:33]} Ne4 {[%emt 0:00:33]} 29. Bb4+ {[%emt 0:01:27]} Kg7 {[%emt 0:00:12]} 30. Rd1 {[%emt 0:00:25]} Bxc6 {[%emt 0:04:40]} 31. Bxc6 {[%emt 0:00:02]} Rc8 {[%emt 0:00:28]} 32. Bxe4 {[%emt 0:00:58]} Rxc4 {[%emt 0:00:03]} 33. Be7 {[%emt 0:00:11]} h6 {[%emt 0:02:34]} 34. Bf6+ {[%emt 0:00:39]} Kh7 {[%emt 0:00:01]} 35. Bd3 {[%emt 0:00:39]} Rf4 {[%emt 0:00:27]} 36. Rxf4 {[%emt 0:01:16]} Qxd1+ {[%emt 0:00:03]} 37. Bf1 {[%emt 0:00:06]} Qd2 {[%emt 0:00:50]} 38. Rd4 {[%emt 0:01:05]} Qxa2 {[%emt 0:00:08]} 39. Rd8 {[%emt 0:00:13]} 1-0

[Event "106th British-ch 2019"]
[Site "Torquay"]
[Date "2019.08.04"]
[Round "9.8"]
[White "Ashton, Adam G"]
[Black "Ward, Chris G"]
[Result "1/2-1/2"]
[WhiteElo "2323"]
[BlackElo "2418"]
[Annotator "ChessBase"]
[PlyCount "51"]
[EventDate "2019.07.27"]
[EventType "swiss"]
[EventCountry "GBR"]
[SourceTitle "playchess.com"]
[Source "ChessBase"]
[SourceQuality "1"]
[TimeControl "40/5400+30:1800+30"]

1. e4 {[%emt 0:00:41]} c5 {[%emt 0:01:50]} 2. Nf3 {[%emt 0:00:30]} g6 {[%emt 0:01:03]} 3. c4 {[%emt 0:00:35]} Nc6 {[%emt 0:03:04]} 4. d4 {[%emt 0:00:08]} cxd4 {[%emt 0:00:26]} 5. Nxd4 {[%emt 0:00:06]} Nf6 {[%emt 0:02:11]} 6. Nc3 {[%emt 0:00:08]} d6 {[%emt 0:00:04]} 7. Be2 {[%emt 0:00:45]} Nxd4 {[%emt 0:00:19]} 8. Qxd4 {[%emt 0:00:05]} Bg7 {[%emt 0:00:05]} 9. Bg5 {[%emt 0:04:25]} O-O {[%emt 0:02:11]} 10. Qd2 {[%emt 0:00:14]} a5 {[%emt 0:01:33]} 11. O-O {[%emt 0:04:53]} a4 {[%emt 0:05:38]} 12. Rab1 {[%emt 0:05:56]} Be6 {[%emt 0:07:23]} 13. f3 {[%emt 0:05:23]} Qa5 {[%emt 0:07:05]} 14. Rfc1 {[%emt 0:05:59]} Rfc8 {[%emt 0:07:32]} 15. b4 {[%emt 0:03:39]} axb3 {[%emt 0:03:53]} 16. axb3 {[%emt 0:00:08]} Qb4 {[%emt 0:10:57]} 17. Rc2 {[%emt 0:20:30]} Ra3 {[%emt 0:10:31]} 18. Nb5 {[%emt 0:01:12]} Qxd2 {[%emt 0:01:12]} 19. Rxd2 {[%emt 0:05:01]} Ra5 {[%emt 0:04:33]} 20. Be3 {[%emt 0:02:18]} Rca8 {[%emt 0:03:04]} 21. Nc7 {[%emt 0:05:37]} Ra1 {[%emt 0:00:16]} 22. Rxa1 {[%emt 0:00:21]} Rxa1+ {[%emt 0:00:16]} 23. Rd1 {[%emt 0:00:09]} Ra2 {[%emt 0:02:03]} 24. Rd2 {[%emt 0:00:28]} Ra1+ {[%emt 0:04:22]} 25. Rd1 {[%emt 0:00:09]} Ra2 {[%emt 0:12:08]} 26. Rd2 {[%emt 0:00:35]} 1/2-1/2